000 00505nam a2200181Ia 4500
005 20250508150110.0
008 008 250505s9999 xx 000 0 eng d
037 _aTextual
040 _aFEDL
_beng
_cFEDL
041 _aeng
_2eng
084 _a915.4, SHA
_qFEDL
100 _aSharma Shripad Rama
_9103068
245 0 _aOur heritage and its significance
260 _aBombay, India
_bHind Kitabs Ltd
_c1947
300 _a207p.
942 _cTEXL
_h915.4, SHA
999 _c1321763
_d1321763